| 000 | 01709aam a2200397 i 4500 | ||
|---|---|---|---|
| 999 |
_c45888 _d45888 |
||
| 001 | 768714001 | ||
| 003 | CO-MdFUSB | ||
| 005 | 20201022163827.0 | ||
| 007 | ta | ||
| 008 | 200514s1949 enk |||| |||| 00| 0 eng d | ||
| 020 | _a[No incluye ISBN] | ||
| 040 |
_bspa. _aCO-MdFUSB _cCO-MdFUSB _dCO-MdFUSBC _erda |
||
| 041 |
_aeng _hfre |
||
| 082 |
_223 _a270.2 _bP154 |
||
| 100 | 1 |
_aPalanque, J. R. _eautor |
|
| 245 | 1 | 4 |
_aThe church in the christian roman empire _c/ J. R. Palanque ... [y otros cuatro] ; traducido por Ernest C. Messenger |
| 264 | 1 |
_aLondres : _bBurns, Oates and Washbourne _c[1949] |
|
| 264 | 4 | _c© 1949 | |
| 300 |
_a2 volúmenes _c; 23 cm |
||
| 336 |
_atexto _btxt _2rdacontent |
||
| 337 |
_2rdamedia _asin mediación _bn |
||
| 338 |
_2rdacarrier _avolumen _bnc |
||
| 490 | _aThe history of the primitive church. | ||
| 505 | _aVolumen 1: La iglesia y la crisis arriana - El imperio cristiano - La paz de la iglesia - El cisma donatista - La victoria de la iglesia - La crisis arriana - Los inicios del arianismo y el concilio de Nicea - La reacción de Eusebio y el cisma de Sardica - Las variedades del arrianismo - Cristianismo y paganismo en el medio del siglo IV - Las iglesias occidentales en medio del siglo IV - La disminución del arrianismo - La victoria del ortodoxismo. | ||
| 563 | _aPasta dura | ||
| 650 | 0 |
_9285 _aHistoria de la Iglesia |
|
| 653 | _aArrianismo | ||
| 700 |
_93716 _aBardy, Gustave _eautor |
||
| 700 |
_93717 _aLabriolle, Pierre de, _eautor |
||
| 700 |
_93718 _aPlinval, Georges de _eautor |
||
| 700 |
_93719 _aBrehier, Louis. _eautor |
||
| 700 |
_93721 _aMessenger, Ernest C. _etraductor |
||
| 942 | _cBK | ||
| 945 | _aJTF-925 | ||